| 000 | 00000nam##2200000za#4500 |
| 001 | 9.696738 |
| 003 | CaOODSP |
| 005 | 20210624235152 |
| 007 | cr ||||||||||| |
| 008 | 150407|2008||||xxc|||||o f|0| 0 eng|d |
| 040 | |aCaOODSP|beng |
| 043 | |an-cn--- |
| 086 | 1 |aE84-35/2008E-PDF |
| 110 | 1 |aCanada.|bRights & Democracy (International Centre for Human Rights and Democratic Development) |
| 245 | 14|aThe human right to food in Haiti : |h[electronic resource]|breport of an international fact-finding mission / |c[published in collaboration with] Groupe de Recherche et d'Appui au Milieu Rural (GRAMIR). |
| 260 | |aMontreal - Quebec : |bRights & Democracy (International Centre for Human Rights and Democratic Development) |cc2008. |
| 300 | |a78p.|breferences, tables, photographs |
| 500 | |aThe ISBN (978-2-923539-26-3) for the print edition has been incorrectly copied in this electronic publication. |
| 590 | |a12-39-Supp|b2012-10-11 |
| 775 | 08|tLe droit à l'alimentation en Haïti : |w(CaOODSP)9.640846 |
| 856 | 40|ahttp://publications.gc.ca|qPDF|s5.71 MB|uhttps://publications.gc.ca/collections/collection_2012/dd-rd/E84-35-2008-eng.pdf |